Transferové oceňovanie a medzinárodné zdaňovanie
Daňové dosahy v dôsledku transferu tovaru a služieb medzi závislými podnikmi. Metóda porovnávania nekontrolovaných cien. Metóda náklady plus. Riešenie problematiky z hľadiska medzinárodného zdaňovania.
Guardado en:
| Autor principal: | |
|---|---|
| Formato: | Capítulo de libro |
| Lenguaje: | eslovaco |
| Materias: | |
| Etiquetas: |
Sin Etiquetas, Sea el primero en etiquetar este registro!
|
MARC
| LEADER | 00000naa a2200000 4500 | ||
|---|---|---|---|
| 001 | r022453 | ||
| 005 | 20230811094923.1 | ||
| 041 | 0 | |a slo | |
| 044 | |a SK | ||
| 245 | 1 | 0 | |a Transferové oceňovanie a medzinárodné zdaňovanie |c Ľubica Adame |
| 520 | |a Daňové dosahy v dôsledku transferu tovaru a služieb medzi závislými podnikmi. Metóda porovnávania nekontrolovaných cien. Metóda náklady plus. Riešenie problematiky z hľadiska medzinárodného zdaňovania. | ||
| 610 | 2 | 0 | |a oceňovanie transferové |
| 610 | 2 | 0 | |a dane |
| 610 | 2 | 0 | |a tovar |
| 610 | 2 | 0 | |a služby |
| 610 | 2 | 0 | |a oceňovanie |
| 610 | 2 | 0 | |a ceny |
| 610 | 2 | 0 | |a zdanenie dvojité |
| 610 | 2 | 0 | |a obchod medzinárodný |
| 100 | 1 | |a Adame, Ľubica | |